|
|
|
|
| LEADER |
00000nam a22000007a 4500 |
| 005 |
2017060903133.0 |
| 007 |
cr|||| |||| |
| 008 |
170609s2016 po |||||s|||| 00| 0 por d |
| 020 |
|
|
|a 978-85-8020-
|
| 035 |
|
|
|a 20333
|
| 040 |
|
|
|a vLex
|
| 090 |
|
|
|c 6760
|d 6760
|
| 245 |
0 |
0 |
|a Desaposentaȯ̂. Justiȧ social para o aposentado brasileiro
|h [Recurso electrn̤ico]
|
| 256 |
|
|
|a Servicio en ln̕ea
|
| 260 |
|
|
|a Sao Paulo:
|b Editora NELPA,
|c 2016
|
| 300 |
|
|
|a 1 recurso electrn̤ico
|
| 506 |
0 |
|
|a Contenido disponible en los productos indicados
|d vLex Global
|d vLex Global (Academic Edition, excluding Law Schools)
|d vLex Global (U.S. Academic Edition, Law Schools)
|d vLex Global (U.S. Academic Edition, excluding Law Schools)
|d vLex Global (Academic Edition, Law Schools)
|
| 650 |
0 |
4 |
|a Derecho laboral
|z Mx̌ico
|
| 740 |
0 |
|
|a vLex Libros (Servicio en ln̕ea)
|
| 856 |
4 |
0 |
|u http://vlex.com/source/desaposenta-o-justi-a-social-aposentado-brasileiro-20333
|z Acceso restringido
|
| 942 |
|
|
|c BOOK
|
| 999 |
0 |
|
|a Labor laws and legislation
|